000 01416nam a2200349 c 4500
003 BLK
005 20230717121010.0
008 180412b bul|||||r ||||||| ||bul||
010 _aKNG00011749000
020 _a954-459-283-0
_bиздат.: Хермес
040 _aBLK
041 _aBUL
_cBUL
080 _aАмериканска литература (на САЩ)
_b821.111(73)
_x-31
_z821.111(73)-31
100 1 _aСимънс, Сюзън
_eпърви автор
_9255342
700 1 _aМилева, Победа
_eпрев.
_9364127
700 1 _aВасилева, Ангелина
_eпрев.
_9364125
139 _aСимънс, Сюзън
_bС 37
245 1 0 _aСълзите на милейди
_bРоман
_cСюзън Симънс; прев. Победа Милева; прев. Ангелина Василева.
257 _aUSA
260 Пловдив
_bХермес
_c1996
_fХасково : Полиграфюг
300 _a230 с.
_c20 см
380 _aX
490 1 _aПламъкът на розата
_v21
500 _aОриг. загл. Bed of Roses / Suzanne Simmons. - 5 000 тир.
653 _aромантична проза
852 _aЦб 188214
856 4 _qpdf
_u
856 4 _qpdf
_u
942 _cKNG
_n0
_04
944 _aCR
_c15.01.2003
_lГалина Якимова
_k30564
944 _aED
_c29.06.2016
_lф /
_kЛюдмила_Стоянова
999 _c10267
_d10267